Els Peixos de colors / de Jean Anouilh ; traducció de Carme i Josep M. Vidal Turon
Descripción Física:
125 P. ; 18 cm
Colección:
Biblioteca teatral ; 37
MARC
| LEADER | 00000nam a2200000Ia 4500 | ||
|---|---|---|---|
| 001 | 2119 | ||
| 008 | 160829s1985 xx 000 0 cat d | ||
| 080 | |a L-1-225 | ||
| 100 | |a Anouilh, Jean, |d 1910-1987 |9 36941 | ||
| 245 | |a Els Peixos de colors / de Jean Anouilh ; traducció de Carme i Josep M. Vidal Turon | ||
| 260 | |a Barcelona : |b Institut del Teatre de la Diputació de Barcelona : |b Edicions del Mall, |c 1985 | ||
| 300 | |a 125 P. ; |c 18 cm | ||
| 490 | |a Biblioteca teatral ; 37 | ||
| 700 | |a Vidal Turon, Carme |9 36942 | ||
| 700 | |a Vidal Turon, Josep M., tr. |9 36943 | ||
| 710 | 1 | |a Institut del Teatre (Barcelona, Catalunya) |9 52662 | |
| 901 | |a Arxiu | ||
| 942 | |n 1 | ||
| 952 | |0 0 |1 0 |4 0 |6 L1225 |7 1 |9 47581 |a Arxiu |b Arxiu |d 2016-12-01 |l 0 |o L-1-225 |p 2119 |r 2016-12-01 00:00:00 |w 2016-12-01 |y ARXIU | ||
| 999 | |c 51380 |d 51380 | ||